000 00716cam a2200253 4500
008 090401t1999 xxu||||| |||| 00| 0 eng d
020 _a0860174980
035 _a(Sirsi) u93071
041 _aeng
050 _a693.97
110 _aConstruction Industry Research and Information Association
_94810
245 _aStandardisation and pre-assembly : adding value to construction projects.
260 _aLondon
_bCIRIA
_c1999
300 _a220p. : ill. ; 30cm.
350 _a80
490 _aCIRIA Report
_v176
650 _aCONSTRUCTION INDUSTRY
650 _aPRE-ASSEMBLY
650 _aSTANDARDISATION
650 _aVALUE FOR MONEY
690 _aBUILT ENVIRONMENT
942 _n0
948 _c30/04/1999
999 _c97806
_d97806